Hombre que daba sed
Guardat en:
| Autor principal: | |
|---|---|
| Format: | Llibre |
| Idioma: | espanyol |
| Publicat: |
Barcelona
Seix Barral
1971
|
| Col·lecció: | Biblioteca breve de bolsillo. Libros de enlace, 97
|
| Matèries: | |
| Etiquetes: |
Afegir etiqueta
Sense etiquetes, Sigues el primer a etiquetar aquest registre!
|
MARC
| LEADER | 00000nam a2200000 a 4500 | ||
|---|---|---|---|
| 001 | UCX2746 | ||
| 003 | CL-VaPUC | ||
| 008 | 910807e19710000SP |||||||||||||||||spa|d | ||
| 082 | 0 | 4 | |a Ve863 |b GON |2 21 |
| 100 | |a González León, Adriano |e author |9 575594 | ||
| 245 | 1 | 0 | |a Hombre que daba sed |
| 300 | |a 123 p | ||
| 942 | |c BK | ||
| 945 | |d 19910807 00:00:00 | ||
| 260 | |a Barcelona |b Seix Barral |c 1971 | ||
| 650 | 0 | |a Novelas venezolanas |9 312407 | |
| 583 | |a last modification |c 19910807 00:00:00 |k Rodrigo Vera | ||
| 490 | 0 | |a Biblioteca breve de bolsillo. Libros de enlace, 97 | |
| 999 | |c 223694 |d 223692 | ||
| 952 | |0 0 |1 0 |4 0 |6 VE_863_000000000000000_GON_1971 |7 0 |8 A |9 219721 |a BIBEDU |b BIBEDU |d 2019-11-15 |i 2884313 |o Ve863 GON 1971 |p 2884313 |r 2019-11-15 |w 2019-11-15 |y BK |k LIT | ||
| 952 | |0 0 |1 0 |4 0 |6 VE_863_000000000000000_GON_1971 |7 0 |8 A |9 219722 |a BIBEDU |b BIBEDU |d 2019-11-15 |i 1447998 |o Ve863 GON 1971 |p 1447998 |r 2019-11-15 |w 2019-11-15 |y BK |k LIT | ||